| 000 | 01065aam a2200313 i 4500 | ||
|---|---|---|---|
| 999 |
_c46378 _d46378 |
||
| 001 | 768714001 | ||
| 003 | CO-MdFUSB | ||
| 005 | 20201105122544.0 | ||
| 007 | ta | ||
| 008 | 200522t1890 enka|||| |||| 00| 0 eng d | ||
| 020 | _a[No incluye ISBN] | ||
| 040 |
_bspa. _aCO-MdFUSB _cCO-MdFUSB _dCO-MdFUSBC _erda |
||
| 041 | _aeng | ||
| 082 |
_223 _a222.407 _bD782 |
||
| 100 |
_aDriver, Samuel Rolles, _eautor |
||
| 245 | 1 | 0 |
_aNotes on the Hebrew text of the books of Samuel : _bwith an introduction on Hebrew palaegrophy and the ancient versions _c/ S. R. Driver |
| 264 | 1 |
_aOxford, Inglaterra : _bThe Clarendon Press, _c[1890] |
|
| 264 | 4 | _c© 1890 | |
| 300 |
_a296 páginas _c; 23 cm |
||
| 336 |
_atexto _btxt _2rdacontent |
||
| 337 |
_2rdamedia _asin mediación _bn |
||
| 338 |
_2rdacarrier _avolumen _bnc |
||
| 505 | _aIntroducción a los libros de Samuel - Notas sobre 1 Samuel - Notas sobre 2 Samuel | ||
| 563 | _aPasta dura | ||
| 630 | 7 |
_aBiblia. _pSamuel _xCrítica, interpretación, etc. |
|
| 942 | _cBK | ||
| 945 | _aJTF-925 | ||